Introduction a la philosophie de l'histoire de Hegel

Saved in:
Bibliografiske detaljer
Hovedforfatter: Hyppolite, Jean (Author)
Format: Bog
Sprog:fransk
Udgivet: París Marcel Rivière 1968
Serier:Bibliothèque Philosophique
Fag:
Tags: Tilføj Tag
Ingen Tags, Vær først til at tagge denne postø!

MARC

LEADER 00000nam a2200000 a 4500
001 UCZ4695
003 CL-VaPUC
005 20230421074440.0
008 951110e19680000FR |||||||||||||||||fre|d
999 |c 241062  |d 241060 
040 |c Pontificia Universidad Católica de Valparaíso 
082 0 4 |a 141  |b HYP  |2 21 
100 |a Hyppolite, Jean  |e author  |9 348706 
245 1 0 |a Introduction a la philosophie de l'histoire de Hegel 
260 |a París  |b Marcel Rivière  |c 1968 
300 |a 124 p 
490 0 |a Bibliothèque Philosophique 
583 |a last modification  |c 19951110 00:00:00  |k Rodrigo Vera 
600 0 |a Hegel, Georg Wilhelm Friedrich  |d 1770-1831  |9 860268 
650 0 |a Idealismo  |9 265685 
650 0 |a Filosofía alemana   |9 265002 
650 0 |a Escuelas filosóficas   |9 266232 
650 0 |a Historia  |9 255047 
942 |c BK  |2 ddc 
945 |d 19951110 00:00:00  |a lriquelm 
952 |0 0  |1 0  |4 0  |6 141_000000000000000_HYP_1968  |7 0  |8 P  |9 253212  |a BIBEDU  |b BIBEDU  |c BIBEDU_PB  |d 2019-11-19  |i 1597426  |o 141 HYP 1968  |p 1597426  |r 2024-01-25  |w 2019-11-19  |y BK  |k FIL